Supreme Court and civil liberties (Record no. 345411)

000 -LEADER
fixed length control field 00402cam a22001457a 4500
008 - FIXED-LENGTH DATA ELEMENTS--GENERAL INFORMATION
fixed length control field 180718b1988 xxu||||| |||| 00| 0 eng d
082 ## - DEWEY DECIMAL CLASSIFICATION NUMBER
Classification number C41x54 G959s
100 ## - MAIN ENTRY--PERSONAL NAME
Personal name Gupta, Uma
245 ## - TITLE STATEMENT
Title Supreme Court and civil liberties
Statement of responsibility, etc. by Uma Gupta
260 ## - PUBLICATION, DISTRIBUTION, ETC.
Place of publication, distribution, etc. Delhi
Name of publisher, distributor, etc. Mittal
Date of publication, distribution, etc. 1988
300 ## - PHYSICAL DESCRIPTION
Extent 279p.
650 ## - SUBJECT ADDED ENTRY--TOPICAL TERM
Topical term or geographic name entry element Supreme court - India
650 ## - SUBJECT ADDED ENTRY--TOPICAL TERM
Topical term or geographic name entry element Civil liberties - India
650 ## - SUBJECT ADDED ENTRY--TOPICAL TERM
Topical term or geographic name entry element Human rights - India
Holdings
Withdrawn status Lost status Damaged status Not for loan Permanent Location Current Location Date acquired Total Checkouts Full call number Barcode Checked out Date last seen Date last checked out Price effective from Koha item type
        Indian Institute of Public Administration Indian Institute of Public Administration 1993-10-07 1 C41x54 G959s 64270 2019-05-17 2019-05-01 2019-05-01 2018-07-21 Book

Powered by Koha